[Event "Southend op"]
[Site "London"]
[Date "1998.04.13"]
[Round "7"]
[White "Lee, Graham S"]
[Black "Jestico, John V"]
[Result "1/2-1/2"]
[WhiteElo "1584"]
[BlackElo "1432"]
[PlyCount "125"]
[EventDate "1998.04.10"]
[EventType "swiss"]
[EventRounds "7"]
[EventCountry "ENG"]
[SourceTitle "EXT 2001"]
[Source "ChessBase"]
[SourceDate "2000.11.22"]
[SourceVersion "1"]
[SourceVersionDate "2000.11.22"]
[SourceQuality "1"]

1. e4 e6 2. d4 d5 3. exd5 exd5 4. Nf3 Nf6 5. c3 Be7 6. Bd3 h6 7. 0-0 Be6 8. Nbd2 c5 9. dxc5 Bxc5 10. Nb3 Bb6 11. Nbd4 0-0 12. Nxe6 fxe6 13. Nd4 Bxd4 14. cxd4 Nc6 15. Bg6 Ne7 16. Qd3 Nxg6 17. Qxg6 Qe8 18. Qxe8 Raxe8 19. f3 b5 20. Re1 Rf7 21. Bf4 g5 22. Be5 Nd7 23. Bd6 Nb6 24. b3 Rd7 25. Bc5 Na8 26. Re2 Rc7 27. a4 Rb7 28. axb5 Rxb5 29. b4 Rb7 30. Rxa7 Rxa7 31. Bxa7 Nc7 32. Bc5 Nb5 33. h4 gxh4 34. Re5 Kg7 35. Rh5 Kg6 36. Rxh4 h5 37. g4 hxg4 38. Rxg4+ Kf5 39. Kf2 e5 40. Kg3 e4 41. Rf4+ Kg5 42. fxe4 dxe4 43. Rf1 e3 44. Re1 Re4 45. Kf3 Kf5 46. Rxe3 Nxd4+ 47. Bxd4 Rxd4 48. Rb3 Rd6 49. Ke3 Ke6 50. Ke4 Rb6 51. Kd4 Kd6 52. Kc4 Kc6 53. Rh3 Kb7 54. b5 Rg6 55. Rd3 Kb6 56. Rd5 Rg4+ 57. Kc3 Rg3+ 58. Kd4 Rg4+ 59. Kd3 Rg3+ 60. Ke4 Rb3 61. Kd4 Rb4+ 62. Kc3 Rxb5 63. Rxb5+ 1/2-1/2

[Event "Southend op"]
[Site "London"]
[Date "1998.04.11"]
[Round "4"]
[White "Gamble, Raymond J"]
[Black "Lee, Graham S"]
[Result "1/2-1/2"]
[WhiteElo "1936"]
[BlackElo "1584"]
[PlyCount "86"]
[EventDate "1998.04.10"]
[EventType "swiss"]
[EventRounds "7"]
[EventCountry "ENG"]
[SourceTitle "EXT 2001"]
[Source "ChessBase"]
[SourceDate "2000.11.22"]
[SourceVersion "1"]
[SourceVersionDate "2000.11.22"]
[SourceQuality "1"]

1. d4 b5 2. Nf3 Bb7 3. Bf4 a6 4. Nbd2 e6 5. e4 d6 6. Bd3 Nd7 7. Qe2 Be7 8. h3 c5 9. c3 c4 10. Bc2 h6 11. Bg3 g5 12. e5 dxe5 13. Bxe5 Nxe5 14. Nxe5 Nf6 15. Ndf3 Bd5 16. a4 Qc8 17. axb5 axb5 18. 0-0 Qb7 19. Rfb1 Bd6 20. Rxa8+ Qxa8 21. b3 Bxe5 22. Qxe5 Qd8 23. bxc4 Bxc4 24. Nd2 0-0 25. Nxc4 bxc4 26. Rb4 Qe7 27. Rxc4 Ra8 28. Ra4 Rxa4 29. Bxa4 Nd5 30. c4 Nf4 31. Bc2 Qa3 32. Qe4 f5 33. Qe1 Qb2 34. Qd1 Qxd4 35. Qxd4 Ne2+ 36. Kf1 Nxd4 37. Bb1 Kf7 38. Ke1 Ke7 39. Kd2 Kd6 40. Bd3 Kc5 41. Kc3 e5 42. f3 f4 43. Bh7 Ne2+ 1/2-1/2

[Event "Southend op"]
[Site "London"]
[Date "1998.04.10"]
[Round "2"]
[White "Hickman, John"]
[Black "Lee, Graham S"]
[Result "0-1"]
[WhiteElo "1808"]
[BlackElo "1584"]
[PlyCount "44"]
[EventDate "1998.04.10"]
[EventType "swiss"]
[EventRounds "7"]
[EventCountry "ENG"]
[SourceTitle "EXT 2001"]
[Source "ChessBase"]
[SourceDate "2000.11.22"]
[SourceVersion "1"]
[SourceVersionDate "2000.11.22"]
[SourceQuality "1"]

1. Nf3 b5 2. g3 Bb7 3. Bg2 a6 4. 0-0 c5 5. d3 e6 6. e4 Be7 7. Nbd2 d6 8. c3 Nd7 9. d4 cxd4 10. cxd4 h5 11. b3 h4 12. Bb2 hxg3 13. fxg3 Qb6 14. Qe2 Bf6 15. Kh1 Ne7 16. e5 Nf5 17. Qe1 Be7 18. g4 Nh4 19. Nxh4 Bxh4 20. Qe2 dxe5 21. dxe5 Bg3 22. h3 Rxh3# 0-1